书目信息 |
| 题名: |
计算机基础项目化教程学习指导
|
|
| 作者: | 周柏清 主编 | |
| 分册: | ||
| 出版信息: | 北京 航空工业出版社 2015.09 |
|
| 页数: | 246页 | |
| 开本: | 26cm | |
| 丛书名: | ||
| 单 册: | ||
| 中图分类: | TP316.7 , TP317.1 , TP3 | |
| 科图分类: | ||
| 主题词: | 办公自动化--应用软件--高等学校--教学参考资料 , 计算技术 , 电子计算机 | |
| 电子资源: | ||
| ISBN: | 978-7-5165-0881-7 | |
| 000 | 01298nam0 2200313 450 | |
| 001 | 4250 | |
| 005 | 20181011083702.74 | |
| 010 | @a978-7-5165-0881-7@dCNY39.80 | |
| 100 | @a20160419d2015 em y0chiy50 ea | |
| 101 | 0 | @achi |
| 102 | @aCN@b110000 | |
| 105 | @aa z 000yy | |
| 200 | 1 | @a计算机基础项目化教程学习指导@9ji suan ji ji chu xiang mu hua jiao cheng xue xi zhi dao@b专著@f周柏清主编 |
| 210 | @a北京@c航空工业出版社@d2015.09 | |
| 215 | @a246页@c图@d26cm | |
| 300 | @a计算机“十二五”规划教材 | |
| 330 | @a本书是《计算机基础项目化教程》的配套学习指导,主要内容包括计算机基础知识、Windows XP操作系统、Word 2003文字处理软件、Excel 2003电子表格处理软件、PowerPoint 2003演示文稿制作软件、因特网基础与简单应用等方面的理论题和操作题。 | |
| 333 | @a本书可作为高校及各类计算机教育培训机构的专用教材,也可供广大初、中级电脑爱好者自学使用 | |
| 512 | 1 | @a计算机基础项目化教程学习指导@9ji suan ji ji chu xiang mu hua jiao cheng xue xi zhi dao@eWindows 7+Office 2010 |
| 517 | 1 | @aWindows 7+Office 2010 |
| 606 | 0 | @a办公自动化@x应用软件@x高等学校@j教学参考资料 |
| 606 | 0 | @a计算技术 |
| 606 | 0 | @a电子计算机 |
| 690 | @aTP316.7@v5 | |
| 690 | @aTP317.1@v5 | |
| 690 | @aTP3@v4 | |
| 701 | 0 | @a周柏清@9zhou bai qing@4主编 |
| 801 | 0 | @aCN@b91MARC@c20160516 |
| 905 | @aMuseLib@dTP3@e819 | |
| 计算机基础项目化教程学习指导/周柏清主编.-北京:航空工业出版社,2015.09 |
| 246页:图;26cm |
| 计算机“十二五”规划教材.-使用对象:本书可作为高校及各类计算机教育培训机构的专用教材,也可供广大初、中级电脑爱好者自学使用 |
| ISBN 978-7-5165-0881-7:CNY39.80 |
| 本书是《计算机基础项目化教程》的配套学习指导,主要内容包括计算机基础知识、Windows XP操作系统、Word 2003文字处理软件、Excel 2003电子表格处理软件、PowerPoint 2003演示文稿制作软件、因特网基础与简单应用等方面的理论题和操作题。 |
| ● |
| 相关链接 |
|
|
|
|
正题名:计算机基础项目化教程学习指导
索取号:TP3/819
 
预约/预借
| 序号 | 登录号 | 条形码 | 馆藏地/架位号 | 状态 | 备注 |
| 1 | 1124241 | 211242412 | 第二样本阅览室/ [索取号:TP3/819] | 在馆 | |
| 2 | 1124242 | 211242421 | 第三借阅区/ [索取号:TP3/819] | 在馆 | |
| 3 | 1124243 | 211242430 | 第三借阅区/ [索取号:TP3/819] | 在馆 | |
| 4 | 1124244 | 211242449 | 第三借阅区/ [索取号:TP3/819] | 在馆 | |
| 5 | 1124245 | 211242458 | 第三借阅区/ [索取号:TP3/819] | 在馆 |